Sólo entre chicas [juego] /

Guardado en:
Formato: Objeto Físico
Publicado: Argentina : Hasbro, [199?]
Materias:
Etiquetas: Agregar Etiqueta
Sin Etiquetas, Sea el primero en etiquetar este registro!
LEADER 00758nrm a22001455g 4500
001 CEM.cems019434
008 130507b199?##################0###0#####d
005 20220830182004.0
245 0 0 |a Sólo entre chicas [juego] /  |c Milton Bradley. 
260 |a Argentina :  |b Hasbro,  |c [199?] 
300 |a 1 juego (charola de juego, clavija y botón para la ruleta, dos discos de doble cara con 104 divertidas casillas, 1 tablero de juego, 96 tarjetas sólo entre chicas, etiquetas) ; en caja 39 x 38 x 4 cm. + manual de instrucciones. 
500 |a Para 2 ó más jugadores a partir de 8 años objetivo: contestar preguntas, realizar retos y divertirse. 
082 0 4 |a J793.24 
653 |a 1. juegos de entretenimiento general 
859 |a CEMS  |b BIB. CEMS - Ludoteca  |h J793.24  |i B728  |p 195.99  |t Ej.1